00674nam a2200181Ii 450000100060000000300090000600800410001502000180005604000330007404100080010708200150011524501170013026401520024730000120039933600260041133700280043733800270046516294CO-ViMGA241108s9999||||xx |||||||||||||| ||und|| a9789587195439 aCO-ViMGAbspaerdacCO-ViMGA0 aunk04a801.95 R3610aRepresentaciones, identidades y ficciones :blectura crítica de las historias de la literatura latinoamericana 1a[Lugar de publicación no identificado] : Universidad Nacional de Colombia. Facultad de Ciencias Humanas, [Fecha de publicación no identificada] avolumen atextbtxt2rdacontent aunmediatedbn2rdamedia avolumebnc2rdacarrier